00703pam a2200217 a 45000010008000000030004000080050017000120080041000290100017000700200015000870400018001020500022001200820024001421000025001662450088001912600054002793000066003335040041003996500025004407000020004651878681OSt20220106151421.0831021s1984 iluaf b 001 0 eng  a 83018039  a0398049351 aDLCcDLCdDLC00aHV8073b.B73 198400a363.2562219bBRU/F1 aBrunelle, Richard L.10aForensic examination of ink and paper /cby Richard L. Brunelle and Robert W. Reed. aSpringfield, Ill., U.S.A. :bC.C. Thomas,cc1984. axii, 289 p., [1] leaf of plates :bill. (some col.) ;c26 cm. aIncludes bibliographies and indexes. 0aChemistry, Forensic.1 aReed, Robert W.